00457nam a2200193 a 4500001001300000003000900013005001700022008004100039020001000080082001400090100001700104245001900121260003300140300000900173500003500182505001300217650001600230700001700246nice12345678IN_TiNIC20260116011333.0050524s1888 leia grp 000 0 ara  ac10000a239bPFA3 aPfandar, C G aMeezan-Ul-Haqq aLeipzigbF. A.Brokhausc1888 a240p aincludes index and biblioraphy2 aArchives aApologetics1 aPfandar, C G